00266nam a2200097 a 450000500170000000800410001705000170005810000150007524500370009026000410012720140414131910.0101011s19uu xx 00 eng d aERbB48 1972 aOttum, Bob aBig and little are not the same. bMerrigold Press,aNew York :c1972.